Joueurs de Football par Pays - Statistiques

Statistiques générales
  • Ce quiz a été pris 252 fois
  • Le résultat moyen est 30 sur 107
Statistiques - réponses
Pays Poste Club précédent Prix du Transfert Club Actuel Joueur % Correct
France Milieu de terrain Stade Rennais 31 millions Real Madrid Eduardo Camavinga
91%
Brésil Milieu de terrain Real Madrid 70,65 millions Manchester United Casemiro
82%
Angleterre Attaquant Aston Villa 117,5 millions Manchester City Jack Grealish
82%
Allemagne Défenseur Chelsea Libre Real Madrid Antonio Rudiger
76%
Espagne Gardien Chelsea Prêt Real Madrid Kepa Arrizabalaga
70%
Uruguay Attaquant Benfica 85 millions Liverpool Darwin Nunez
64%
Croatie Milieu de terrain Chelsea 29,1 millions Manchester City Mateo Kovacic
62%
Argentine Défenseur Atalanta 50 millions Tottenham Cristian Romero
61%
Corée du Sud Milieu de terrain Majorque 22 millions Paris Saint-Germain Kang-in Lee
58%
Pays-Bas Attaquant FC Barcelone 3 millions Atlético Madrid Memphis Depay
57%
Chili Attaquant Olympique de Marseille Libre Inter Milan Alexis Sanchez
56%
Colombie Défenseur Tottenham 9,5 millions Galatasaray Davinson Sanchez
56%
Japon Attaquant Real Madrid 6,5 millions Real Sociedad Takefusa Kubo
55%
Suède Attaquant Real Sociedad 70 millions Newcastle Alexander Isak
51%
Italie Milieu de terrain Cagliari 32,5 millions Inter Milan Nicolo Barella
51%
Côte d'Ivoire Milieu de terrain FC Barcelone 12,5 millions Al-Ahli Franck Kessié
50%
Costa Rica Gardien Nottingham Forrest Fin de prêt Paris Saint-Germain Keylor Navas
50%
Sénégal Défenseur Chelsea 23 millions Al-Hilal Kalidou Koulibaly
49%
Maroc Défenseur Ajax Amsterdam Libre Bayern Munich Noussair Mazraoui
49%
Ecosse Milieu de terrain Manchester United Formé au club Manchester United Scott McTominay
46%
Belgique Milieu de terrain Leicester Libre Aston Villa Youri Tielemans
46%
Slovaquie Défenseur Inter Milan Libre Paris Saint-Germain Milan Skriniar
44%
Russie Milieu de terrain CSKA Moscou 30 millions AS Monaco Aleksandr Golovin
43%
Cameroun Milieu de terrain Fulham 16 millions Naples Frank Zambo-Anguissa
42%
Etats-Unis Milieu de terrain Leeds United Fin de prêt Juventus Weston McKennie
41%
Suisse Milieu de terrain Juventus 20 millions AS Monaco Denis Zakaria
40%
Ghana Milieu de terrain Ajax Amsterdam 43 millions West Ham Mohammed Kudus
40%
Bosnie-Herzégovine Attaquant Inter Milan Libre Fenerbahçe Edin Dzeko
39%
Pologne Gardien Paris Saint-Germain 2 millions OGC Nice Marcin Bulka
39%
Géorgie Attaquant Ajax Amsterdam Prêt FC Metz Georges Mikautadze
38%
Egypte Attaquant Galatasaray 5,75 millions FC Nantes Mostafa Mohamed
38%
Autriche Milieu de terrain RB Leipzig Libre Bayern Munich Konrad Laimer
37%
République Centrafricaine Milieu de terrain Atlético Madrid 8 millions Olympique de Marseille Geoffrey Kondogbia
35%
Arménie Milieu de terrain AS Rome Libre Inter Milan Henrikh Mkhitaryan
34%
Guinée Attaquant Stade Rennais 9 millions Stuttgart Serhou Guirassy
34%
Jamaïque Attaquant Bayer Leverkusen 32 millions Aston Villa Leon Bailey
33%
République Dominicaine Attaquant Real Madrid Libre FC Séville Mariano Diaz
32%
Algérie Défenseur Angers SCO 11,1 millions Wolverhampton Rayan Ait-Nouri
32%
Serbie Attaquant Ajax Amsterdam Libre Fenerbahçe Dusan Tadic
31%
Gabon Milieu de terrain OGC Nice 11 millions Wolverhampton Mario Lemina
31%
Monténégro Défenseur Fiorentina 12 millions Atlético Madrid Stefan Savic
31%
République Tchèque Milieu de terrain Sparta Prague 16,2 millions West Ham Tomas Soucek
31%
Hongrie Défenseur FC K'lautern 2 millions RB Leipzig Willi Orban
31%
Burkina Faso Défenseur Guimaraes 20,2 millions Bayer Leverkusen Edmond Tapsoba
30%
Finlande Gardien Francfort Libre Bayer Leverkusen Lukas Hradecky
30%
Nigéria Milieu de terrain Genk 17,6 millions Leicester City Wilfried Ndidi
28%
Slovénie Attaquant RB Salzbourg 24 millions RB Leipzig Benjamin Sesko
27%
Norvège Attaquant Vålerenga Fotball Formation Libre Manchester City Oscar Bobb
27%
Danemark Attaquant Lyngby BK 1,5 millions RB Leipzig Yussuf Poulsen
26%
Mali Milieu de terrain Brighton 29,2 millions Tottenham Yves Bissouma
26%
Equateur Défenseur CA Talleres 6,35 millions Bayer Leverkusen Piero Hincapié
25%
Iran Attaquant Bayer Leverkusen Prêt AS Rome Sardar Azmoun
25%
Ukraine Attaquant SK Dnipro-1 7,75 millions Gérone Artem Dovbyk
24%
Pays de Galles Défenseur Swansea City 12,65 millions Tottenham Ben Davies
24%
Guinée Bissau Attaquant ESTAC Troyes Prêt de 2 millions Olympique Lyonnais Mama Baldé
24%
Panama Défenseur Anderlecht 2,5 millions Olympique de Marseille Amir Murillo
23%
République Démocratique du Congo Attaquant Galatasaray 3 millions Bétis Séville Cédric Bakambu
23%
Macédoine Milieu de terrain Naples 24 millions RB Leipzig Eljif Elmas
23%
Grèce Gardien Benfica 4,9 millions Nottingham Forrest Odysseas Vlachodimos
23%
Mexique Attaquant CD Cruz Azul 6 millions Feyenoord Santiago Gimenez
22%
Malte Milieu de terrain Union Saint-Gilloise 4,6 millions Stade de Reims Teddy Teuma
22%
Tunisie Milieu de terrain Cologne Libre Francfort Ellyes Skhiri
20%
Zambie Attaquant RB Salzbourg 30 millions Leiceister Patson Daka
20%
Bénin Attaquant Huddersfield 5 millions Stade Brestois Steve Mounié
20%
Islande Milieu de terrain Everton Libre Lyngby BK Gylfi Sigurdsson
19%
Turquie Milieu de terrain Cologne 5 millions Borussia Dortmund Salih Özcan
19%
Albanie Gardien Lazio Rome Libre Brentford Thomas Strakosha
19%
Nouvelle Zélande Attaquant Newcastle 17 millions Nottingham Forrest Chris Wood
18%
Madagascar Défenseur FC Lorient Libre Montagnarde Jérémy Morel
17%
Cap Vert Défenseur Stade de Reims 500K Toulouse Football Club Logan Costa
17%
Israël Attaquant Shaktar Donetsk Libre Tottenham Manor Solomon
17%
Australie Gardien FC Copenhague 500K AZ Alkmaar Mathew Ryan
17%
Irlande Défenseur Atlético Madrid Libre Wolverhampton Matt Doherty
17%
Jordanie Attaquant OH Leuven Libre Monpellier Hérault Mousa Al-Tamari
17%
Roumanie Défenseur Genoa 25 millions Tottenham Radu Dragusin
17%
Zimbabwe Attaquant Olympique Lyonnais Prêt FC Nantes Tino Kadewere
17%
Mozambique Défenseur LOSC Lille 3 millions Atlético Madrid Reinildo Mandava
16%
Qatar Attaquant Villareal 1 millions Al-Sadd SC Akram Afif
12%
Arabie Saoudite Attaquant Villareal Fin de prêt Al-Hilal Salem Al-Dawsari
12%
Togo Défenseur Saint-Trond 2,5 millions Getafe Djené
11%
Suriname Attaquant Union Berlin 3 millions Real Sociedad Sheraldo Becker
11%
Chine Attaquant Espanyol Barcelone 1,5 millions SH Port Lei Wu
10%
Venezuela Attaquant Manchester City 5 millions Gérone Yangel Herrera
10%
Gambie Attaquant Bologne 8,5 millions Al-Taawon Musa Barrow
9%
Portugal Attaquant Famalicao 13,5 millions Sporting Portugal Pedro Gonçalves
9%
Burundi Milieu de terrain Basaksehir 11,5 millions OGC Nice Youssouf Ndayishimiye
9%
Pérou Attaquant Benevento 2,5 millions Cagliari Gianluca Lapadula
7%
Kosovo Attaquant Norwich City 5,25 millions Besiktas Milot Rashica
7%
Libye Milieu de terrain Guimaraes Libre Braga Al-Musrati
5%
Paraguay Attaquant Betis Séville 6,5 millions Toronto Antonio Sanabria
5%
Afrique du Sud Attaquant Brighton 1,8 millions Al Ahly Percy Tau
5%
Andorre Gardien Villareal C 50K Villareal B Iker Alvarez
4%
Guinée Equatoriale Milieu de terrain Pescara Fin de prêt Monza José Machin
4%
Comores Milieu de terrain AJ Auxerre Libre ESTAC Troyes Youssouf M'Changama
4%
Kenya Défenseur La Gantoise 10 millions Stade de Reims Joseph Okumu
3%
Luxembourg Milieu de terrain Erpeldange Libre Mayence Leandro Barreiro
3%
Haïti Attaquant EA Guingamp 1,6 millions Maccabi Haifa Frantzdy Pierrot
2%
Angola Attaquant Rio Ave 1,5 millions Al-Wakrah SC Gelson Dala
2%
Irlande du Nord Défenseur Newcastle Prêt Watford Jamal Lewis
2%
Syrie Défenseur Slavia Prague Prêt Cadix Aiham Ousou
1%
Irak Attaquant Raja Casablanca Libre Al-Quwa Al-Jawiya Aymen Hussein
1%
Mauritanie Gardien Tondela Libre EA Guingamp Babacar Niasse
1%
Kazakhstan Défenseur CSKA Moscou 4,5 millions Besiktas Bakhtiyor Zaynutdinov
1%
Ouzbékistan Attaquant Al-Nassr Libre Panserraikos Jaloliddin Masharipov
1%
Bulgarie Défenseur Cherno More Formé au club Cherno More Viktor Popov
1%
Congo Milieu de terrain NK Maribor 2,2 millions Cagliari Antoine Makoumbou
0%
Biélorussie Milieu de terrain Soligorsk 250K FC Astana Maks Ebong
0%
Aucun quiz correspondant
Distribution des résultats
% des personnes avec chaque résultat
Percentile par nombre de réponses
Votre historique - résultats
Vous n’avez pas pris ce quiz